1425 1984 1659 1354 1745 1012 1748 1373 1164 1231 1173 1497 1806 1911 1066 1570 1088 1467 1021 1992 1194 1297 1983 1374 1901 1312 1004 1759 1082 1390 1871 1640 1513 1706 1928 1299 1700 1064 1268 1830 1042 1243 1950 1858 1671 1181 1207 1501 1929 1254 1903 1979 1151 1286 1481 1589 1256 1571 1834 1238 1676 1047 1241 1604 1754 1025 1411 1260 1046 1982 1661 1050 1402 1122 1050 1742 1781 1610 1336 1191 1070 1747 1221 1043 1553 1795 1596 1130 1467 1234 1614 1244 1765 1416 1066 1191 1826 1619 1946 BCNSPRNW ULIB Ver.6.0+V

เปลี่ยนเป็นภาษาไทย

Change to English
 แสดงรายละเอียดบรรณานุกรม
  กลับหน้าหลัก

Brief Record : Get Marc (ISO 2709) : E-mail record : QR code < ปิดหน้าต่าง
LEADER : 00000nam 2200000uu 4500
001    13399121580
003     ULIB
008    121123s2547||||th 000 0 tha d
020    ^a9741329407
050  4 ^aWT145^bส876จ
100 0  ^aสุวัฒน์ วัฒนวงศ์
245 10 ^aจิตวิทยาเพื่อการฝึกอบรมผู้ใหญ่ =^bPsychology for trainingadult /^cสุวัฒน์ วัฒนวงศ์
246 31 ^aPsychology for training adult
250    ^aพิมพ์ครั้งที่ 2 (ฉบับปรับปรุง)
260    ^aกรุงเทพฯ :^bสำนักพิมพ์แห่งจุฬาลงกรณ์มหาวิทยาลัย,^c2547
300    ^a369 หน้า ;^c21 ซม.
650  7 ^aการฝึกอบรม^xแง่จิตวิทยา
650  7 ^aการเรียนรู้ ในวัยชรา(จิตวิทยา)
650  7 ^aจิตวิทยาพัฒนาการ
650  7 ^aผู้สูงอายุ^xจิตวิทยา
650  7 ^aวัยชรา^xแง่จิตวิทยา
945    ^p200^l0^i13564
945    ^p200^l0^i13565
995    ^aวิภา
999 ^a ใช้งานได้ทุกระบบ
รายการนี้ยังไม่มีแท็ก
คุณยังไม่ได้ล็อกอิน คุณสามารถมีกิจกรรมร่วมกับเว็บไซต์ได้ แต่ต้องล็อกอินก่อน ::
  ล็อกอิน

รายการสื่อสารสนเทศ

ลำดับที่ ประเภท เลขเรียก/บาร์โค้ด สถานที่ สถานะ
1. วิทยาศาสตร์การแพทย์ และสุขภาพ
วิทยาศาสตร์การแพทย์ และสุขภาพ
WT145 ส876จ  
  Barcode: 13564
ห้องสมุดวิทยาเขตสวรรค์ประชารักษ์
►หนังสือทั่วไป
บนชั้น
2. วิทยาศาสตร์การแพทย์ และสุขภาพ
วิทยาศาสตร์การแพทย์ และสุขภาพ
WT145 ส876จ ฉ.2 
  Barcode: 13565
ห้องสมุดวิทยาเขตสวรรค์ประชารักษ์
►หนังสือทั่วไป
บนชั้น

รายการใกล้เคียง
    ผู้แต่ง [สุวัฒน์ วัฒนวงศ์]

    หัวเรื่อง [การเรียนรู้ ในวัยชรา(จิตวิทยา)]
    หัวเรื่อง [จิตวิทยาพัฒนาการ]

BibComment


ยังไม่เคยถูกคอมเมนท์

คอมเมนท์ทรัพยากรรายการนี้
  คอมเมนท์: จิตวิทยาเพื่อการ..


 Copyright 2026. Bcnsprnw @Library